000 00834cam a2200157 4500500
005 20260322003556.0
041 _afre
042 _adc
100 1 0 _aGibert, Pierre
_eauthor
245 0 0 _aGérard Mordillat , Les Vivants et les Morts , Roman. Calmann-Lévy, 2005, 656 pages, 20 €
260 _c2005.
500 _a93
520 _aRésuméSi le paysage est bien l’expression d’un « sentiment du oui » au monde, il ne signifie pas pour autant qu’il faille « abandonner le refus et la révolte qui sont dans l’homme aussi essentiels que sa conscience même ». A l’instar du surréalisme, il s’agit de « repenser les noces rompues »...
786 0 _nÉtudes | 402 | 2 | 2005-02-01 | p. VI-VI | 0014-1941
856 4 1 _uhttps://shs.cairn.info/revue-etudes-2005-2-page-VI?lang=fr&redirect-ssocas=7080
999 _c1733243
_d1733243